01830nam a2200361Ia 4500001001200000003000800012006001900020007001500039008004100054020002200095020002500117040002100142035002100163050002600184245032800210260005800538300002400596504005200620533015200672650003700824650003000861650002300891650002000914650004800934655002900982710003601011710008201047710006301129710011601192710001701308856012601325999001701451ebr10267564CaPaEBRm u cr cn|||||||||080929s2008 dcua sb 000 0 eng d z0309111501 (pbk.) z9780309111508 (pbk.) aCaPaEBRcCaPaEBR a(OCoLC)56792825014aRA577.5b.F735 2008eb02aA framework for assessing the health hazard posed by bioaerosolsh[electronic resource] /cCommittee on Determining a Standard Unit of Measure for Biological Aerosols, Board on Chemical Sciences and Technology, Board on Life Sciences, Division on Earth and Life Studies, National Research Council of the National Academies. aWashington, D.C. :bNational Academies Press,cc2008. axiii, 86 p. :bill. aIncludes bibliographical references (p. 65-67). aElectronic reproduction.bPalo Alto, Calif. :cebrary,d2009.nAvailable via World Wide Web.nAccess may be limited to ebrary affiliated libraries. 0aAerosolsxEnvironmental aspects. 0aAerosolsxHealth aspects. 0aAirxMicrobiology. 0aAirxPollution. 0aBiological weaponsxDetectionxMeasurement. 7aElectronic books.2local2 aNational Academies Press (U.S.)2 aNational Research Council (U.S.).bBoard on Chemical Sciences and Technology.2 aNational Research Council (U.S.).bBoard on Life Sciences.2 aNational Research Council (U.S.).bCommittee on Determining a Standard Unit of Measure for Biological Aerosols.2 aebrary, Inc.40uhttp://site.ebrary.com/lib/rucke/Doc?id=10267564zAn electronic book accessible through the World Wide Web; click to view c23642d23642